[Event "Amagermesterskabet Gruppe 1 2014"]
[Site "Sundbyoster"]
[Date "2014.08.19"]
[Round "1"]
[White "Nielsen, Jens Holm"]
[Black "Brorsen, Jacob Abildlund"]
[Result "0-1"]
[WhiteElo "1675"]
[BlackElo "2132"]
[PlyCount "70"]
[EventDate "2014.??.??"]

1. d4 Nf6 2. Nf3 e6 3. Bf4 c5 4. e3 cxd4 5. exd4 Qb6 6. Qc1 Nc6 7. c3 Nd5 8.
Bg3 f5 9. Nbd2 f4 10. Nc4 Qc7 11. Bh4 Nce7 12. Bxe7 Bxe7 13. Nce5 O-O 14. Bd3
d6 15. Nc4 Bd7 16. Ncd2 Be8 17. Qc2 h6 18. O-O Kh8 19. Rfe1 Bf7 20. a3 g5 21.
h3 Rg8 22. c4 Nf6 23. Ne4 Rac8 24. Nxf6 Bxf6 25. Qe2 Rce8 26. Rad1 Bh5 27. Bb1
Qg7 28. g4 fxg3 29. fxg3 g4 30. hxg4 Qxg4 31. Be4 Qxg3+ 32. Kh1 Qh3+ 33. Qh2
Bxf3+ 34. Bxf3 Qxf3+ 35. Qg2 Qxg2# 0-1

[Event "Amagermesterskabet Gruppe 1 2014"]
[Site "Sundbyoster"]
[Date "2014.08.19"]
[Round "1"]
[White "Andersen, Henrik Hauge"]
[Black "Petersen, Nils"]
[Result "0-1"]
[WhiteElo "1744"]
[BlackElo "1848"]
[PlyCount "78"]
[EventDate "2014.??.??"]

1. e4 c5 2. Nf3 e6 3. d4 cxd4 4. Nxd4 Nc6 5. Nc3 a6 6. Be3 Qc7 7. Be2 Nf6 8.
O-O Bb4 9. Qd3 Ne5 10. Qd1 Bxc3 11. bxc3 Nxe4 12. Bf4 Nxc3 13. Qd2 Nxe2+ 14.
Qxe2 d6 15. Rfe1 Ng6 16. Bg3 O-O 17. h4 e5 18. Nf3 Bg4 19. Qd3 Bxf3 20. Qxf3
Qc6 21. Qf5 Ne7 22. Qd3 f6 23. h5 d5 24. Rab1 b5 25. f4 e4 26. Qa3 Nf5 27. Bf2
Rfd8 28. Qh3 Qd7 29. Rbd1 Qe6 30. g4 Nh6 31. f5 Qc6 32. Be3 Nf7 33. Kg2 h6 34.
Rd2 Ne5 35. Red1 Nf3 36. Re2 d4 37. Bc1 d3 38. cxd3 exd3 39. Re6 Qc2+ 0-1

[Event "Amagermesterskabet Gruppe 1 2014"]
[Site "Sundbyoster"]
[Date "2014.08.19"]
[Round "1"]
[White "Lontoft, Sven"]
[Black "Nicolaisen, Jeppe"]
[Result "1-0"]
[WhiteElo "1725"]
[BlackElo "1967"]
[PlyCount "43"]
[EventDate "2014.??.??"]

1. e4 c5 2. Nf3 e6 3. d4 cxd4 4. Nxd4 Nc6 5. Nc3 Nf6 6. Nxc6 bxc6 7. e5 Nd5 8.
Ne4 Qc7 9. f4 c5 10. c4 Nb4 11. a3 Qb7 12. Nc3 Nc6 13. Bd3 Be7 14. O-O f5 15.
exf6 Bxf6 16. Qh5+ g6 17. Bxg6+ hxg6 18. Qxg6+ Ke7 19. Nd5+ exd5 20. Re1+ Be5
21. fxe5 Kd8 22. Qf6+ 1-0

[Event "Amagermesterskabet Gruppe 1 2014"]
[Site "Sundbyoster"]
[Date "2014.08.19"]
[Round "1"]
[White "Moller, Arne Vagn"]
[Black "Varming, Thomas"]
[Result "1/2-1/2"]
[WhiteElo "1806"]
[BlackElo "1899"]
[PlyCount "129"]
[EventDate "2014.??.??"]

1. e4 e5 2. Nf3 Nc6 3. Bb5 a6 4. Ba4 Nf6 5. O-O b5 6. Bb3 Be7 7. Re1 O-O 8. c3
d5 9. exd5 e4 10. d4 exf3 11. dxc6 Bd6 12. Qxf3 Re8 13. Kf1 Bg4 14. Rxe8+ Qxe8
15. Qd3 Qxc6 16. h3 Bh5 17. Be3 Bg6 18. Qd1 Re8 19. a4 Be4 20. d5 Nxd5 21. Bd4
Bxg2+ 22. Kg1 Bxh3 23. axb5 axb5 24. Nd2 Bf4 25. Qh5 Qg6+ 26. Qxg6 hxg6 27.
Bxd5 Bxd2 28. Bc6 Rd8 29. Bxb5 Bf4 30. Bc4 Bd6 31. Be3 Re8 32. Bd4 Be6 33. Bxe6
Rxe6 34. b4 f6 35. Ra7 Kf7 36. Kg2 Re8 37. Kf3 Rb8 38. Ke4 Ke6 39. Kd3 g5 40.
Kc4 g4 41. b5 g5 42. Ra6 Kf5 43. b6 cxb6 44. Bxb6 Be5 45. Bd4 Rb2 46. Be3 g3
47. fxg3 Bxg3 48. Kd3 Be5 49. Ra1 Rg2 50. Rf1+ Kg4 51. Bd4 Rg3+ 52. Ke4 Rg2 53.
Bxe5 Re2+ 54. Kd3 Rxe5 55. Rxf6 Kg3 56. Kd4 Re1 57. Rg6 g4 58. c4 Kf3 59. c5 g3
60. c6 g2 61. Kd5 g1=Q 62. Rxg1 Rxg1 63. c7 Rc1 64. Kd6 Rxc7 65. Kxc7 1/2-1/2

[Event "Amagermesterskabet Gruppe 1 2014"]
[Site "Sundbyoster"]
[Date "2014.08.26"]
[Round "2"]
[White "Petersen, Nils"]
[Black "Lontoft, Sven"]
[Result "1-0"]
[WhiteElo "1848"]
[BlackElo "1725"]
[PlyCount "81"]
[EventDate "2014.??.??"]

1. c4 e5 2. g3 d5 3. cxd5 Nf6 4. Bg2 Nxd5 5. Nc3 c6 6. Nf3 Bd6 7. O-O O-O 8. d4
exd4 9. Nxd5 cxd5 10. Nxd4 Bc5 11. Nb3 Bb6 12. Qxd5 Qf6 13. Qf3 Qe7 14. e4 Nc6
15. Be3 Ne5 16. Qe2 Bxe3 17. Qxe3 Rd8 18. Rad1 Be6 19. Rxd8+ Rxd8 20. Qxa7 Qb4
21. Qc5 Qxc5 22. Nxc5 Bxa2 23. Nxb7 Rb8 24. Rd1 g6 25. Rd8+ Rxd8 26. Nxd8 Nd3
27. f4 Nxb2 28. Kf2 Nc4 29. e5 Nb6 30. Nc6 Kf8 31. Ke3 Nd7 32. Kd4 f6 33. Bd5
Bxd5 34. Kxd5 fxe5 35. fxe5 g5 36. Kd6 Ke8 37. Nb4 Nf8 38. e6 Ng6 39. Nd5 h6
40. g4 Kd8 41. e7+ 1-0

[Event "Amagermesterskabet Gruppe 1 2014"]
[Site "Sundbyoster"]
[Date "2014.08.26"]
[Round "2"]
[White "Varming, Thomas"]
[Black "Brorsen, Jacob Abildlund"]
[Result "0-1"]
[WhiteElo "1899"]
[BlackElo "2132"]
[PlyCount "66"]
[EventDate "2014.??.??"]

1. d4 Nf6 2. Nf3 e6 3. Bf4 c5 4. e3 cxd4 5. exd4 Qb6 6. Nc3 Qxb2 7. Nb5 Bb4+ 8.
Nd2 Na6 9. Rb1 Qxa2 10. Ra1 Qd5 11. Rxa6 Qe4+ 12. Be3 bxa6 13. Nd6+ Bxd6 14.
Nxe4 Nxe4 15. Bd3 Bb4+ 16. Kf1 Bb7 17. f3 Nc3 18. Qa1 a5 19. Kf2 O-O 20. h4
Rfc8 21. h5 a4 22. h6 g6 23. Bd2 a3 24. Rb1 a5 25. Rb3 Nd5 26. Bxb4 axb4 27.
Rxb4 Nxb4 28. d5 Nxd3+ 29. cxd3 Rc2+ 30. Kg3 Rb2 31. d6 f6 32. Qc1 Bd5 33. Qc3
Kf7 0-1

[Event "Amagermesterskabet Gruppe 1 2014"]
[Site "Sundbyoster"]
[Date "2014.08.26"]
[Round "2"]
[White "Moller, Arne Vagn"]
[Black "Andersen, Henrik Hauge"]
[Result "1-0"]
[WhiteElo "1806"]
[BlackElo "1744"]
[PlyCount "77"]
[EventDate "2014.??.??"]

1. e4 c5 2. Nf3 e6 3. d4 cxd4 4. Nxd4 Nc6 5. Nc3 a6 6. Be2 Qc7 7. O-O Nf6 8. a3
d5 9. exd5 Nxd5 10. Nxd5 exd5 11. Bf3 Be6 12. Nxe6 fxe6 13. Bh5+ Kd7 14. Bg4
Bd6 15. Qxd5 Rae8 16. Bf4 h5 17. Qxd6+ Qxd6 18. Bxd6 Kxd6 19. Rad1+ Kc5 20. Bf3
Re7 21. Rfe1 g6 22. Re3 Rf8 23. Kf1 Rf6 24. c3 Kb6 25. h3 Kc7 26. b4 e5 27.
Rde1 Rfe6 28. Bd5 Rd6 29. c4 Nd4 30. Rxe5 Rxe5 31. Rxe5 Nc2 32. Re7+ Rd7 33.
Rxd7+ Kxd7 34. Bxb7 Nxa3 35. Bxa6 Kc6 36. Bb5+ Kd6 37. c5+ Ke7 38. Bd3 g5 39.
Ke1 1-0

[Event "Amagermesterskabet Gruppe 1 2014"]
[Site "Sundbyoster"]
[Date "2014.08.26"]
[Round "2"]
[White "Nicolaisen, Jeppe"]
[Black "Nielsen, Jens Holm"]
[Result "1-0"]
[WhiteElo "1967"]
[BlackElo "1675"]
[PlyCount "107"]
[EventDate "2014.??.??"]

1. e4 Nc6 2. Nf3 d6 3. d4 Bg4 4. Bc4 Nf6 5. Nc3 e6 6. h3 Bxf3 7. gxf3 a6 8. d5
exd5 9. exd5 Ne5 10. Qe2 Be7 11. Bb3 O-O 12. f4 Ned7 13. Be3 Re8 14. O-O-O Bf8
15. h4 Nc5 16. h5 b5 17. h6 g6 18. f5 b4 19. Na4 Nxb3+ 20. axb3 Qe7 21. fxg6
fxg6 22. Qf3 Nd7 23. Qg4 a5 24. Bg5 Qf7 25. f4 Nf6 26. Qg2 Ne4 27. Rd4 Qf5 28.
Rf1 Nxg5 29. fxg5 Qe5 30. Rc4 Be7 31. Rxc7 Qxg5+ 32. Qd2 Qxd2+ 33. Kxd2 Bg5+
34. Kd3 Re7 35. Rxe7 Bxe7 36. Nb6 Rf8 37. Rxf8+ Bxf8 38. Nc4 Kf7 39. Nxa5 Bxh6
40. Nc6 Bg7 41. Nxb4 Bxb2 42. Ke4 h5 43. Nd3 Bc3 44. b4 Kf6 45. b5 Ba5 46. Nb2
g5 47. Nc4 Bc7 48. b6 Bb8 49. Na5 h4 50. Nc6 h3 51. Kf3 g4+ 52. Kg3 Kf5 53.
Nxb8 Ke5 54. b7 1-0

[Event "Amagermesterskabet Gruppe 1 2014"]
[Site "Sundbyoster"]
[Date "2014.09.02"]
[Round "3"]
[White "Nielsen, Jens Holm"]
[Black "Petersen, Nils"]
[Result "1-0"]
[WhiteElo "1675"]
[BlackElo "1848"]
[PlyCount "143"]
[EventDate "2014.??.??"]

1. d4 Nf6 2. Bf4 e6 3. Nf3 c5 4. e3 Qb6 5. Qc1 cxd4 6. exd4 Be7 7. Bd3 O-O 8.
O-O Nc6 9. c3 d5 10. Re1 Re8 11. h3 Bd7 12. Nbd2 Rac8 13. Qb1 h6 14. Nf1 Nd8
15. Ng3 Bb5 16. Bxb5 Qxb5 17. Ne5 Nc6 18. Ng4 Nxg4 19. hxg4 Qb6 20. Nh5 Qd8 21.
Qd3 Bg5 22. Bh2 g6 23. Nf4 Kg7 24. Nh3 Bf6 25. f4 g5 26. Re2 Qd7 27. Qd2 Kg6
28. Rf1 Rf8 29. Qd3+ Kg7 30. Bg3 Ne7 31. Be1 Ng6 32. Bd2 gxf4 33. Bxf4 Bd8 34.
g5 h5 35. Be5+ f6 36. gxf6+ Bxf6 37. Bxf6+ Rxf6 38. Rxf6 Kxf6 39. Qf3+ Kg7 40.
Qxh5 Rh8 41. Qg4 Rh4 42. Qxe6 Qxe6 43. Rxe6 Kf7 44. Rd6 Ne7 45. Rd7 Ke6 46.
Rxb7 Rg4 47. Rxa7 Ng6 48. Ra6+ Ke7 49. Kf2 Nh4 50. g3 Nf5 51. Nf4 Rxg3 52.
Nxd5+ Kd7 53. Rf6 Rg5 54. Ne3 Nd6 55. Ke2 Ne4 56. Rb6 Kc7 57. Re6 Nd6 58. Re5
Rg1 59. Kd2 Kc6 60. Kc2 Rh1 61. Kb3 Nb5 62. Rc5+ Kb6 63. a4 Nd6 64. Nc4+ Nxc4
65. Kxc4 Ra1 66. a5+ Ka6 67. b4 Rh1 68. Rc6+ Kb7 69. Rb6+ Ka7 70. d5 Rd1 71. d6
Rd2 72. Kb5 1-0

[Event "Amagermesterskabet Gruppe 1 2014"]
[Site "Sundbyoster"]
[Date "2014.09.02"]
[Round "3"]
[White "Lontoft, Sven"]
[Black "Moller, Arne Vagn"]
[Result "0-1"]
[WhiteElo "1725"]
[BlackElo "1806"]
[PlyCount "36"]
[EventDate "2014.??.??"]

1. e4 c5 2. Nf3 d6 3. d4 cxd4 4. Nxd4 Nf6 5. Nc3 a6 6. Bg5 e6 7. f4 Be7 8. Qf3
Qc7 9. Bd3 Nc6 10. Nce2 O-O 11. O-O-O Bd7 12. g4 Rfc8 13. Bh4 Nb4 14. Nc3 Qa5
15. Nb3 Nxa2+ 16. Nxa2 Qxa2 17. Be2 Nxe4 18. Bxe7 Rxc2+ 0-1

[Event "Amagermesterskabet Gruppe 1 2014"]
[Site "Sundbyoster"]
[Date "2014.09.02"]
[Round "3"]
[White "Brorsen, Jacob Abildlund"]
[Black "Nicolaisen, Jeppe"]
[Result "1/2-1/2"]
[WhiteElo "2132"]
[BlackElo "1967"]
[PlyCount "115"]
[EventDate "2014.??.??"]

1. d4 f5 2. c4 Nf6 3. g3 e6 4. Bg2 d5 5. Nf3 c6 6. O-O Bd6 7. b3 Qe7 8. Bb2 O-O
9. Qc1 b5 10. Ne5 Bb7 11. c5 Bc7 12. b4 Nbd7 13. a4 a6 14. Nd2 Nxe5 15. dxe5
Ng4 16. Nf3 bxa4 17. h3 Nh6 18. Qe3 f4 19. gxf4 Nf5 20. Qc1 Nh4 21. Nxh4 Qxh4
22. e3 a5 23. Rxa4 Ba6 24. Rd1 Bb5 25. Ra1 axb4 26. Rd4 Bc4 27. Rxc4 dxc4 28.
Qxc4 Rxa1+ 29. Bxa1 Kf7 30. Qxb4 Rb8 31. Qd4 Ba5 32. Qd3 Be1 33. Qd7+ Kg8 34.
Qxe6+ Kh8 35. Qa2 Bxf2+ 36. Qxf2 Rb1+ 37. Bf1 Qxf2+ 38. Kxf2 Rxa1 39. Bg2 Ra5
40. Bxc6 Rxc5 41. Bd7 Kg8 42. Kf3 Kf7 43. Kg4 Ke7 44. Bf5 h6 45. h4 Rc1 46. h5
Rg1+ 47. Kf3 Rh1 48. Bg6 Rh3+ 49. Ke4 Rh4 50. Kf5 Rh3 51. e4 Rh4 52. e6 Rh1 53.
Bf7 Rg1 54. Ke5 Ra1 55. Kf5 Rg1 56. Ke5 Ra1 57. Kf5 Rg1 58. Ke5 1/2-1/2

[Event "Amagermesterskabet Gruppe 1 2014"]
[Site "Sundbyoster"]
[Date "2014.09.02"]
[Round "3"]
[White "Andersen, Henrik Hauge"]
[Black "Varming, Thomas"]
[Result "1-0"]
[WhiteElo "1744"]
[BlackElo "1899"]
[PlyCount "65"]
[EventDate "2014.??.??"]

1. e4 c6 2. d4 d5 3. Nc3 dxe4 4. Nxe4 Nf6 5. Nxf6+ gxf6 6. Bf4 Nd7 7. Bc4 Nb6
8. Bb3 Bf5 9. Nf3 e6 10. Qd2 Nd5 11. Bg3 h5 12. O-O Bd6 13. Nh4 Ne7 14. Rfe1
Qd7 15. Rad1 Bxg3 16. hxg3 O-O-O 17. Nxf5 Nxf5 18. Qf4 Rhg8 19. c3 Rg4 20. Qf3
Rdg8 21. d5 cxd5 22. Bxd5 Qc7 23. Re4 Rxe4 24. Qxe4 Re8 25. Bb3 Qc5 26. Qd3 Qc7
27. Ba4 Rd8 28. Qf3 Rxd1+ 29. Qxd1 h4 30. gxh4 Nxh4 31. Qd4 Ng6 32. Qxf6 Ne5
33. Qh8+ 1-0

[Event "Amagermesterskabet Gruppe 1 2014"]
[Site "Sundbyoster"]
[Date "2014.09.09"]
[Round "4"]
[White "Moller, Arne Vagn"]
[Black "Nielsen, Jens Holm"]
[Result "1-0"]
[WhiteElo "1806"]
[BlackElo "1675"]
[PlyCount "75"]
[EventDate "2014.??.??"]

1. e4 Nc6 2. d4 d6 3. c4 Nf6 4. Nc3 g6 5. h3 Bg7 6. Be3 Bd7 7. Nf3 e5 8. d5 Ne7
9. Qc2 b6 10. g4 Qc8 11. Be2 Nfg8 12. Qd2 h5 13. gxh5 Rxh5 14. Ng5 Rh8 15. h4
Nf6 16. O-O-O Nh5 17. Rdg1 f6 18. Nf3 Qb7 19. Ne1 O-O-O 20. Bg4 Bxg4 21. Rxg4
Kb8 22. Rhg1 Rdg8 23. Qd1 Qa6 24. Qb3 f5 25. R4g2 f4 26. Bd2 Bf6 27. Nf3 Ng7
28. Rg4 Rh5 29. Nb5 Qb7 30. Qa3 a6 31. Nxd6 cxd6 32. Qxd6+ Qc7 33. Qxf6 Ne8 34.
Qe6 Ng7 35. Qf7 Qxc4+ 36. Bc3 b5 37. Qxe7 Qxe4 38. Rxg6 1-0

[Event "Amagermesterskabet Gruppe 1 2014"]
[Site "Sundbyoster"]
[Date "2014.09.09"]
[Round "4"]
[White "Petersen, Nils"]
[Black "Brorsen, Jacob Abildlund"]
[Result "0-1"]
[WhiteElo "1848"]
[BlackElo "2132"]
[PlyCount "164"]
[EventDate "2014.??.??"]

1. c4 c5 2. g3 g6 3. Bg2 Bg7 4. Nc3 Nc6 5. Nf3 Nf6 6. d4 cxd4 7. Nxd4 O-O 8.
O-O Qb6 9. e3 d6 10. b3 Bg4 11. Qd2 Rfc8 12. Bb2 a6 13. h3 Bd7 14. Rac1 Rab8
15. Rfd1 Qd8 16. Nxc6 Bxc6 17. Nd5 Bxd5 18. cxd5 Qd7 19. Rxc8+ Rxc8 20. Rc1 h5
21. Rxc8+ Qxc8 22. Qc3 Qf5 23. e4 Qd7 24. Qc2 Ne8 25. Bxg7 Kxg7 26. f4 Qc7 27.
Qxc7 Nxc7 28. Kf2 Kf8 29. Ke3 Ke8 30. a4 a5 31. Bf1 Kd7 32. Kd4 e6 33. g4 exd5
34. exd5 h4 35. Bd3 Ke7 36. g5 f5 37. Bb5 Kd8 38. Bc4 Na8 39. Bd3 Nb6 40. Bc2
Kc7 41. Bb1 Nd7 42. Bc2 Nc5 43. Kc4 Kb6 44. Bb1 Ka6 45. b4 axb4 46. Kxb4 Kb6
47. a5+ Kc7 48. Bc2 b6 49. axb6+ Kxb6 50. Bb1 Na6+ 51. Kc4 Nc7 52. Bc2 Ka5 53.
Bb3 Na6 54. Bc2 Nc5 55. Bb1 Nd7 56. Bd3 Nb6+ 57. Kd4 Kb4 58. Be2 Kb3 59. Bb5
Nc8 60. Bd3 Kb2 61. Ba6 Ne7 62. Bc4 Kc2 63. Ke3 Kc3 64. Ba2 Nc8 65. Bb1 Kc4 66.
Ba2+ Kc5 67. Bb1 Ne7 68. Ba2 Nxd5+ 69. Kf3 Kd4 70. Bb3 Ne7 71. Bf7 d5 72. Be8
Kd3 73. Bb5+ Kd2 74. Be8 d4 75. Bf7 Kc2 76. Be8 d3 77. Ke3 Nd5+ 78. Kd4 Nxf4
79. Ke5 Nxh3 80. Bxg6 Nxg5 81. Bxf5 h3 82. Kd4 h2 0-1

[Event "Amagermesterskabet Gruppe 1 2014"]
[Site "Sundbyoster"]
[Date "2014.09.09"]
[Round "4"]
[White "Varming, Thomas"]
[Black "Nicolaisen, Jeppe"]
[Result "0-1"]
[WhiteElo "1899"]
[BlackElo "1967"]
[PlyCount "110"]
[EventDate "2014.??.??"]

1. d4 e6 2. Nf3 f5 3. g4 fxg4 4. Ne5 Nc6 5. Nxc6 dxc6 6. Bf4 Bd6 7. Qd2 Bxf4 8.
Qxf4 Nf6 9. Nd2 Qd6 10. Qxd6 cxd6 11. O-O-O O-O 12. h3 gxh3 13. Bxh3 e5 14.
dxe5 dxe5 15. f3 Nd5 16. Nc4 Bxh3 17. Rxh3 Rae8 18. Rdh1 h6 19. Rg3 Kh7 20. Nd6
Nf4 21. Rh2 Re7 22. Ne4 Rd8 23. Rg1 Nd5 24. Rd1 Rf8 25. a3 Nf6 26. Ng3 g6 27.
Rh4 Rfe8 28. Rdh1 h5 29. Rd1 Kg8 30. Rhh1 e4 31. f4 Rd7 32. Rdg1 Kf8 33. f5 Rg7
34. Rd1 Re5 35. Rd6 Ke7 36. Rhd1 gxf5 37. Rxf6 Rxg3 38. Rh6 Rh3 39. Rh7+ Kf6
40. Rg1 Re7 41. Rxe7 Kxe7 42. Rg7+ Kd6 43. Rxb7 e3 44. c3 f4 45. Kc2 Rh1 46.
Kd3 h4 47. Rf7 Ke5 48. Re7+ Kf6 49. Rh7 h3 50. Ke4 h2 51. Rh3 Kg5 52. Rh8 Kg4
53. Rg8+ Kh3 54. Rh8+ Kg3 55. Rh7 Re1 0-1

[Event "Amagermesterskabet Gruppe 1 2014"]
[Site "Sundbyoster"]
[Date "2014.09.09"]
[Round "4"]
[White "Andersen, Henrik Hauge"]
[Black "Lontoft, Sven"]
[Result "1-0"]
[WhiteElo "1744"]
[BlackElo "1725"]
[PlyCount "57"]
[EventDate "2014.??.??"]

1. e4 c5 2. Nf3 e6 3. d4 cxd4 4. Nxd4 Nf6 5. Nc3 Bb4 6. Bd3 Nc6 7. Nxc6 dxc6 8.
O-O O-O 9. Bg5 Be7 10. Qe2 Nd7 11. Bxe7 Qxe7 12. e5 Nc5 13. Rad1 Rd8 14. f4 b6
15. Ne4 Nxd3 16. Rxd3 Rxd3 17. Qxd3 Bb7 18. Rd1 c5 19. Nd6 Rd8 20. Qe2 Bc6 21.
Rd3 b5 22. Qd2 Kf8 23. Nxb5 Rxd3 24. Qxd3 Bd5 25. c4 Bc6 26. Nd6 Qh4 27. g3 Qg4
28. Nc8 Ke8 29. Qd6 1-0

[Event "Amagermesterskabet Gruppe 1 2014"]
[Site "Sundbyoster"]
[Date "2014.09.23"]
[Round "5"]
[White "Nielsen, Jens Holm"]
[Black "Andersen, Henrik Hauge"]
[Result "0-1"]
[WhiteElo "1675"]
[BlackElo "1744"]
[PlyCount "88"]
[EventDate "2014.??.??"]

1. Nc3 d5 2. e4 d4 3. Nce2 e5 4. Ng3 Nf6 5. Bc4 Bd6 6. Nf3 O-O 7. O-O c5 8. d3
h6 9. Nh4 Nc6 10. a4 a6 11. Nhf5 Ne7 12. Nxd6 Qxd6 13. f4 exf4 14. Bxf4 Qc6 15.
Nh5 Nxh5 16. Qxh5 b6 17. Bd5 Nxd5 18. exd5 Qg6 19. Qxg6 fxg6 20. Bc7 Bb7 21.
Bxb6 Bxd5 22. c4 dxc3 23. bxc3 c4 24. d4 Rae8 25. Rxf8+ Kxf8 26. Kf2 Kf7 27.
Bc5 g5 28. Rb1 Re6 29. a5 h5 30. Rb8 Rf6+ 31. Kg1 Ke6 32. Rd8 Bb7 33. Re8+ Kf5
34. Rd8 g6 35. d5 Ke4 36. Bd4 Rf5 37. d6 Rd5 38. d7 Kd3 39. Rg8 Rxd7 40. Rxg6
Rxd4 41. cxd4 c3 42. Rxg5 c2 43. Rc5 Bd5 44. Kf2 Bc4 0-1

[Event "Amagermesterskabet Gruppe 1 2014"]
[Site "Sundbyoster"]
[Date "2014.09.23"]
[Round "5"]
[White "Brorsen, Jacob Abildlund"]
[Black "Moller, Arne Vagn"]
[Result "1-0"]
[WhiteElo "2132"]
[BlackElo "1806"]
[PlyCount "65"]
[EventDate "2014.??.??"]

1. e4 c5 2. Nf3 d6 3. Bb5+ Bd7 4. a4 Nc6 5. O-O Nf6 6. Re1 g6 7. Nc3 Bg7 8. d3
O-O 9. h3 a6 10. Bxc6 Bxc6 11. a5 Qc7 12. Bg5 Rfe8 13. Nd2 e6 14. Bf4 Nd7 15.
Nc4 e5 16. Bd2 b5 17. axb6 Nxb6 18. Qe2 Nxc4 19. dxc4 f5 20. f3 Rf8 21. Qd3 Rf7
22. Ra3 Kh8 23. Rea1 fxe4 24. Nxe4 Bxe4 25. Qxe4 Qc8 26. Be3 Rfa7 27. Rd1 Rb8
28. Rxd6 Rxb2 29. Rad3 Ra8 30. Qxa8 Qxa8 31. Rd8+ Qxd8 32. Rxd8+ Bf8 33. Bh6
1-0

[Event "Amagermesterskabet Gruppe 1 2014"]
[Site "Sundbyoster"]
[Date "2014.09.23"]
[Round "5"]
[White "Nicolaisen, Jeppe"]
[Black "Petersen, Nils"]
[Result "1-0"]
[WhiteElo "1967"]
[BlackElo "1848"]
[PlyCount "57"]
[EventDate "2014.??.??"]

1. e4 c5 2. Nf3 e6 3. d4 cxd4 4. Nxd4 Nc6 5. Nc3 a6 6. Nxc6 bxc6 7. Bd3 d5 8.
O-O Nf6 9. Qe2 Be7 10. Bf4 O-O 11. Rad1 Qb6 12. b3 a5 13. Na4 Qa7 14. c4 dxe4
15. Bxe4 Nxe4 16. Qxe4 c5 17. Bd6 Bb7 18. Qe5 Bxd6 19. Rxd6 Rac8 20. Rd7 Rfe8
21. Rfd1 f6 22. Rxg7+ Kxg7 23. Rd7+ Kg6 24. Qg3+ Kf5 25. Qh3+ Ke5 26. Nb2 Be4
27. Rxa7 Rcd8 28. Qc3+ Rd4 29. Rxa5 1-0

[Event "Amagermesterskabet Gruppe 1 2014"]
[Site "Sundbyoster"]
[Date "2014.09.23"]
[Round "5"]
[White "Lontoft, Sven"]
[Black "Varming, Thomas"]
[Result "0-1"]
[WhiteElo "1725"]
[BlackElo "1899"]
[PlyCount "106"]
[EventDate "2014.??.??"]

1. e4 c6 2. d4 d5 3. Nc3 dxe4 4. Nxe4 Nf6 5. Nxf6+ gxf6 6. Be3 Bf5 7. Bd3 Bg6
8. h4 e6 9. h5 Bxd3 10. Qxd3 Nd7 11. Ne2 Nb6 12. O-O-O Nd5 13. Bd2 Qb6 14. Nc3
O-O-O 15. Na4 Qc7 16. Qf3 f5 17. g3 h6 18. c4 Nf6 19. Bf4 Bd6 20. Bxd6 Qxd6 21.
Qb3 Ne4 22. Rhf1 Qe7 23. Qe3 Qb4 24. Qb3 Qxb3 25. axb3 Rhg8 26. Nc3 Nf6 27. Ne2
Rg5 28. Rh1 Ne4 29. Rh2 Kd7 30. f4 Rg4 31. Rd3 Ke7 32. Rg2 Nf6 33. Re3 Ne4 34.
Nc3 Rxd4 35. Nxe4 fxe4 36. Rd2 Rxd2 37. Kxd2 f5 38. c5 e5 39. fxe5 Ke6 40. Kc3
Kxe5 41. Kc4 Rg8 42. b4 Rd8 43. b3 Rd1 44. b5 Rd4+ 45. Kc3 cxb5 46. Kc2 b4 47.
Re1 Rd5 48. Kb2 Rd2+ 49. Kc1 Rd3 50. Kc2 Rxg3 51. Ra1 a6 52. Kb2 Rg2+ 53. Kb1
Rg1+ 0-1

[Event "Amagermesterskabet Gruppe 1 2014"]
[Site "Sundbyoster"]
[Date "2014.09.30"]
[Round "6"]
[White "Andersen, Henrik Hauge"]
[Black "Brorsen, Jacob Abildlund"]
[Result "1/2-1/2"]
[WhiteElo "1744"]
[BlackElo "2132"]
[PlyCount "111"]
[EventDate "2014.??.??"]

1. e4 c6 2. d4 d5 3. Nc3 dxe4 4. Nxe4 Bf5 5. Ng3 Bg6 6. h4 h6 7. Nf3 Nd7 8. Bd3
Bxd3 9. Qxd3 Ngf6 10. Be3 Qa5+ 11. c3 e6 12. O-O Bd6 13. Ne4 Nxe4 14. Qxe4 Nf6
15. Qc2 Qh5 16. Qd1 g5 17. g3 O-O-O 18. Ne5 g4 19. Bf4 Nd5 20. Qd2 f6 21. Nd3
e5 22. dxe5 fxe5 23. Be3 Rhf8 24. c4 Nxe3 25. Qxe3 Qf5 26. Qxh6 e4 27. Nf4 Bxf4
28. Qxf4 Qxf4 29. gxf4 Rxf4 30. Rad1 Rdf8 31. Kg2 Kc7 32. h5 Rh8 33. Rh1 e3 34.
fxe3 Rxc4 35. Rd2 Re4 36. Re2 Kd6 37. h6 Ke6 38. h7 Kf6 39. Kf2 Kg6 40. Rd2 Re7
41. Rd4 Rexh7 42. Rxh7 Rxh7 43. Rxg4+ Kf5 44. Rg2 Ke4 45. Ke2 Rh4 46. Rf2 a5
47. Rf7 Rh2+ 48. Rf2 Rxf2+ 49. Kxf2 b5 50. Ke2 c5 51. b3 Ke5 52. Kd2 Ke4 53.
Ke2 Ke5 54. Kd2 Ke4 55. Ke2 Ke5 56. Kd2 1/2-1/2

[Event "Amagermesterskabet Gruppe 1 2014"]
[Site "Sundbyoster"]
[Date "2014.09.30"]
[Round "6"]
[White "Moller, Arne Vagn"]
[Black "Nicolaisen, Jeppe"]
[Result "1/2-1/2"]
[WhiteElo "1806"]
[BlackElo "1967"]
[PlyCount "111"]
[EventDate "2014.??.??"]

1. e4 e5 2. Nf3 Nf6 3. Nc3 Bb4 4. Bc4 d6 5. d3 O-O 6. h3 Be6 7. Bb3 Nbd7 8. O-O
Nc5 9. Ne2 Nxb3 10. axb3 h6 11. Ng3 Bc5 12. Bd2 Re8 13. Qc1 Nh7 14. Nh5 f5 15.
exf5 Bxf5 16. Ng3 Rf8 17. Nxf5 Rxf5 18. Ra4 Qf6 19. Rg4 Kh8 20. d4 exd4 21. Nh4
Rh5 22. Ng6+ Kg8 23. Re1 d5 24. Nf4 Rg5 25. Re6 Qf5 26. Qe1 Rxg4 27. hxg4 Qxg4
28. b4 Ng5 29. Re8+ Bf8 30. Kh2 Rxe8 31. Qxe8 Ne4 32. Ng6 Nxd2 33. Ne7+ Kh7 34.
Qxf8 Qh5+ 35. Kg1 Qd1+ 36. Kh2 Qh5+ 37. Kg1 Qd1+ 38. Kh2 Nf1+ 39. Kg1 Ne3+ 40.
Kh2 Nf1+ 41. Kg1 Ne3+ 42. Kh2 Ng4+ 43. Kg3 Nf6 44. f3 Qxc2 45. Qf7 Qc1 46. Qg6+
Kh8 47. Qf7 Qe1+ 48. Kh3 Qh1+ 49. Kg3 Nh5+ 50. Kf2 Qh4+ 51. Kf1 Ng3+ 52. Kg1
Ne2+ 53. Kf1 Ng3+ 54. Kg1 Ne2+ 55. Kf1 Ng3+ 56. Kg1 1/2-1/2

[Event "Amagermesterskabet Gruppe 1 2014"]
[Site "Sundbyoster"]
[Date "2014.09.30"]
[Round "6"]
[White "Varming, Thomas"]
[Black "Petersen, Nils"]
[Result "0-1"]
[WhiteElo "1899"]
[BlackElo "1848"]
[PlyCount "62"]
[EventDate "2014.??.??"]

1. d4 Nf6 2. Nf3 e6 3. c4 Bb4+ 4. Nc3 c5 5. e3 O-O 6. Bd3 d6 7. O-O Nbd7 8. d5
e5 9. e4 Bxc3 10. bxc3 h6 11. h3 Nh7 12. Nh2 Re8 13. f4 exf4 14. Bxf4 Ne5 15.
Nf3 Ng6 16. Bh2 Qe7 17. Qc2 Nhf8 18. Rae1 Nd7 19. Re2 Nde5 20. Ref2 Rf8 21. Ne1
Qg5 22. Kh1 Bd7 23. Qe2 Rae8 24. Nc2 Nxd3 25. Qxd3 Ne5 26. Qe2 f5 27. exf5 Bxf5
28. g4 Nxg4 29. Rxf5 Rxe2 30. Rxf8+ Kh7 31. hxg4 Qh4 0-1

[Event "Amagermesterskabet Gruppe 1 2014"]
[Site "Sundbyoster"]
[Date "2014.09.30"]
[Round "6"]
[White "Lontoft, Sven"]
[Black "Nielsen, Jens Holm"]
[Result "0-1"]
[WhiteElo "1725"]
[BlackElo "1675"]
[PlyCount "140"]
[EventDate "2014.??.??"]

1. e4 e5 2. Bc4 Nf6 3. Nc3 c6 4. Nf3 d6 5. h3 b5 6. Bd3 Be7 7. a4 b4 8. Ne2
Nbd7 9. Ng3 Nc5 10. b3 O-O 11. O-O Nxd3 12. cxd3 Ba6 13. Qc2 c5 14. Ne1 d5 15.
exd5 Qxd5 16. Nf5 Rfe8 17. Ne3 Qd6 18. Nc4 Nh5 19. Bb2 f6 20. Nf3 Nf4 21. Rfe1
Bb7 22. Re3 Bxf3 23. Rxf3 Ne2+ 24. Kf1 Nd4 25. Bxd4 cxd4 26. Qd1 Rac8 27. Qe2
Bd8 28. Qe4 Qc6 29. Ke2 Be7 30. g4 Qxe4+ 31. dxe4 Rc5 32. d3 Kf7 33. g5 Kg6 34.
gxf6 Bxf6 35. Rg1+ Kf7 36. Nd6+ Ke7 37. Nxe8 Kxe8 38. Kd2 Rc3 39. Rb1 Bg5+ 40.
Kd1 Bf4 41. h4 Kf7 42. Rh3 Kg6 43. Ke2 Kh5 44. Rhh1 g6 45. f3 Be3 46. Rb2 a5
47. Rd1 h6 48. Rh1 Bf4 49. Rh3 Rc1 50. Kf2 Be3+ 51. Ke2 Bf4 52. Kf2 Rc6 53. Ke2
Rc3 54. Rh1 Bg3 55. Kd2 Bxh4 56. Rc2 g5 57. Rxc3 dxc3+ 58. Ke3 Kg6 59. d4 exd4+
60. Kxd4 Bg3 61. Kd3 Bf4 62. Kc2 h5 63. Rd1 Bd2 64. Rxd2 cxd2 65. Kxd2 Kf6 66.
Ke2 Ke5 67. Kf2 g4 68. fxg4 hxg4 69. Kg3 Kxe4 70. Kxg4 Kd3 0-1